[Event "Campeonato del Mundo sub-20 2010 Fem."]
[Site "Chotowa-Czarna, Poland"]
[Date "2010.08.03"]
[Round "1.26"]
[White "Misovic, Sanja"]
[Black "Pavlidou, Ekaterini"]
[Result "0-1"]
[WhiteElo "1907"]
[BlackElo "2182"]
[PlyCount "104"]
[EventDate "2010.08.03"]
[EventType "swiss"]
[EventRounds "13"]
[EventCountry "POL"]
[Source "lmi"]
[SourceDate "2010.08.03"]

1. d4 Nf6 2. c4 e6 3. Nf3 b6 4. g3 Ba6 5. Nbd2 c5 6. Bg2 Bb7 7. O-O Be7 8. Qc2
Nc6 9. dxc5 bxc5 10. Ne5 Qc7 11. Nxc6 Bxc6 12. Bxc6 Qxc6 13. e4 d6 14. b3 O-O
15. Bb2 a5 16. Rfe1 a4 17. Nb1 Nd7 18. Nc3 a3 19. Bc1 Bf6 20. Rb1 Ne5 21. Qe2
h5 22. Nb5 h4 23. f4 Ng6 24. Bxa3 Rfb8 25. Rbd1 d5 26. e5 Bd8 27. Bc1 Ne7 28.
a3 Rxb5 29. cxb5 Qb7 30. a4 Nf5 31. g4 Nd4 32. Rxd4 cxd4 33. Bb2 Bb6 34. Qd3
Rc8 35. Rc1 Rxc1+ 36. Bxc1 Qc7 37. Bb2 Qc5 38. Kg2 Qb4 39. Kf3 Kf8 40. h3 Ke7
41. Ke2 Kd7 42. Bc1 Qc5 43. Bd2 Kc8 44. a5 Bd8 45. b6 Kb7 46. b4 Qc4 47. b5 Be7
48. g5 g6 49. Be1 Bc5 50. Bxh4 Qa2+ 51. Qd2 d3+ 52. Ke1 Qb1+ 0-1

[Event "Campeonato del Mundo sub-20 2010 Fem."]
[Site "Chotowa-Czarna, Poland"]
[Date "2010.08.03"]
[Round "1.27"]
[White "Lach, Aleksandra"]
[Black "Lis, Marcelina"]
[Result "1-0"]
[WhiteElo "2179"]
[BlackElo "1905"]
[PlyCount "87"]
[EventDate "2010.08.03"]
[EventType "swiss"]
[EventRounds "13"]
[EventCountry "POL"]
[Source "lmi"]
[SourceDate "2010.08.03"]

1. e4 c5 2. Nf3 e6 3. d3 Nc6 4. g3 Nf6 5. Bg2 Be7 6. O-O d5 7. e5 Nd7 8. Re1 a6
9. c3 Qc7 10. Qe2 b5 11. a3 Bb7 12. Bd2 O-O 13. h4 Rfd8 14. h5 h6 15. Bf4 d4
16. Nbd2 Nb6 17. Nf1 c4 18. dxc4 d3 19. Qd1 bxc4 20. N3d2 Na5 21. Bxb7 Qxb7 22.
Ne3 Rac8 23. b4 cxb3 24. Nxb3 Nxb3 25. Qxb3 Qc6 26. Red1 Rb8 27. a4 Bf8 28. c4
Qe4 29. a5 Na8 30. Qa2 Bc5 31. Rac1 Qf3 32. Ng2 Qxh5 33. Ne1 Qf5 34. Rc3 g5 35.
Rcxd3 Rxd3 36. Nxd3 gxf4 37. Nxc5 fxg3 38. Nd7 gxf2+ 39. Qxf2 Rb1 40. Qg2+ Kh8
41. Qxa8+ Kg7 42. Rxb1 Qxb1+ 43. Kh2 Qd3 44. Qf8+ 1-0

[Event "Campeonato del Mundo sub-20 2010 Fem."]
[Site "Chotowa-Czarna, Poland"]
[Date "2010.08.03"]
[Round "1.28"]
[White "Ho, En Huei Danielle"]
[Black "Nesterovskaya, Anzhelika"]
[Result "0-1"]
[WhiteElo "1898"]
[BlackElo "2177"]
[PlyCount "66"]
[EventDate "2010.08.03"]
[EventType "swiss"]
[EventRounds "13"]
[EventCountry "POL"]
[Source "lmi"]
[SourceDate "2010.08.03"]

1. d4 c5 2. d5 e6 3. c4 exd5 4. cxd5 g6 5. e4 d6 6. Bd3 Bg7 7. Nc3 Nf6 8. f4
O-O 9. Nf3 a6 10. O-O b5 11. a3 Bg4 12. Be3 Nbd7 13. h3 Bxf3 14. Qxf3 Re8 15.
Rae1 Rc8 16. Bf2 c4 17. Bc2 Nc5 18. Bd4 Nb3 19. Bxb3 cxb3 20. g4 Rc4 21. Qf2
Nxg4 22. hxg4 Bxd4 23. Re3 Qb6 24. Rfe1 a5 25. Kh1 b4 26. axb4 axb4 27. Qe2
Bxe3 28. Qxc4 bxc3 29. Qxc3 Bxf4 30. Re2 Be5 31. Qf3 Rc8 32. Rf2 Qxf2 33. Qxf2
Rc1+ 0-1

[Event "Campeonato del Mundo sub-20 2010 Fem."]
[Site "Chotowa-Czarna, Poland"]
[Date "2010.08.03"]
[Round "1.30"]
[White "Jablonska, Sabina"]
[Black "Tsirulnik, Maritsa"]
[Result "0-1"]
[WhiteElo "1876"]
[BlackElo "2153"]
[PlyCount "88"]
[EventDate "2010.08.03"]
[EventType "swiss"]
[EventRounds "13"]
[EventCountry "POL"]
[Source "lmi"]
[SourceDate "2010.08.03"]

1. e4 c5 2. Nf3 e6 3. d4 cxd4 4. Nxd4 a6 5. Nc3 b5 6. Bd3 Qb6 7. Nb3 Qc7 8. O-O
Bb7 9. Bd2 Nf6 10. Qe2 Nc6 11. f4 d6 12. Rae1 h5 13. Nd1 Be7 14. Nf2 Nd7 15.
Bc3 Bf6 16. Bxf6 gxf6 17. Qd2 Rd8 18. Re3 Ke7 19. Be2 Nb6 20. Rh3 d5 21. Rxh5
Rxh5 22. Bxh5 dxe4 23. Qc3 Rd5 24. Be2 f5 25. Qg3 Nc4 26. Bh5 Nd8 27. Qg5+ Kd7
28. Qf6 Ne3 29. Re1 Nxc2 30. Rc1 e3 31. Nh3 Qb6 32. Kh1 Nd4 33. Nc5+ Ke8 34.
Nxb7 Qxb7 35. Ng5 Qe7 36. Qh8+ Qf8 37. Qf6 e2 38. Nh7 Qc5 39. Qh8+ Kd7 40. Nf6+
Kc8 41. Re1 Qb4 42. Rc1+ Rc5 43. Rxc5+ Qxc5 44. Bxe2 Qc1+ 0-1

[Event "Campeonato del Mundo sub-20 2010 Fem."]
[Site "Chotowa-Czarna, Poland"]
[Date "2010.08.03"]
[Round "1.31"]
[White "Gosciniak, Maria"]
[Black "Lepeskaite, Migle"]
[Result "1-0"]
[WhiteElo "2149"]
[BlackElo "1801"]
[PlyCount "69"]
[EventDate "2010.08.03"]
[EventType "swiss"]
[EventRounds "13"]
[EventCountry "POL"]
[Source "lmi"]
[SourceDate "2010.08.03"]

1. e4 e5 2. Nf3 Nf6 3. Nxe5 d6 4. Nf3 Nxe4 5. Nc3 Nxc3 6. dxc3 Be7 7. Bf4 O-O
8. Qd2 Nd7 9. O-O-O Re8 10. h4 Nc5 11. Be3 Bg4 12. Bc4 c6 13. Bxc5 dxc5 14.
Bxf7+ Kh8 15. Bxe8 Qxe8 16. Qe3 Qf8 17. Rde1 Bd6 18. Ne5 Be6 19. Ng6+ hxg6 20.
Qxe6 Qf6 21. Qxf6 gxf6 22. Re6 Bf4+ 23. Kb1 Rf8 24. Re7 Rb8 25. Rd1 b5 26. Rdd7
Be5 27. Rh7+ Kg8 28. Rhg7+ Kh8 29. Rxg6 Re8 30. a3 a5 31. Rgg7 a4 32. h5 f5 33.
Rge7 Rxe7 34. Rxe7 Bf4 35. Rf7 1-0

[Event "Campeonato del Mundo sub-20 2010 Fem."]
[Site "Chotowa-Czarna, Poland"]
[Date "2010.08.03"]
[Round "1.32"]
[White "Vanhuyse, Nele"]
[Black "Exler, Veronika"]
[Result "0-1"]
[WhiteElo "1779"]
[BlackElo "2143"]
[PlyCount "142"]
[EventDate "2010.08.03"]
[EventType "swiss"]
[EventRounds "13"]
[EventCountry "POL"]
[Source "lmi"]
[SourceDate "2010.08.03"]

1. e4 c6 2. d4 d5 3. exd5 cxd5 4. Bd3 Nc6 5. c3 Nf6 6. Bf4 Bg4 7. Qb3 Qc8 8.
Nd2 e6 9. Ngf3 Be7 10. O-O O-O 11. Ne5 Bh5 12. Rae1 Nxe5 13. dxe5 Nd7 14. Qc2
Bg6 15. Bxg6 hxg6 16. Qd3 Nc5 17. Qd4 b5 18. Nf3 Ne4 19. Qd1 Qc4 20. Nd4 Qxa2
21. Bc1 Qc4 22. Qg4 b4 23. Nxe6 Qc8 24. f3 Qxe6 25. Qxe6 fxe6 26. fxe4 bxc3 27.
exd5 cxb2 28. Bxb2 Bc5+ 29. Kh1 Rxf1+ 30. Rxf1 exd5 31. Rd1 Rd8 32. g3 Kf7 33.
Kg2 Ke6 34. Rc1 Bb6 35. Rc6+ Kf7 36. Ba3 Re8 37. Bd6 Bd8 38. Kf3 Re6 39. Rc8
Re8 40. Rc6 Bb6 41. Kf4 Bd8 42. h4 Be7 43. Rc7 a5 44. Ra7 Ke6 45. Bxe7 Rxe7 46.
Ra6+ Kd7 47. Rxa5 Rf7+ 48. Ke3 Ke6 49. Kd4 Rf1 50. Ra6+ Kf5 51. g4+ Kxg4 52.
Rxg6+ Kf5 53. Rg5+ Ke6 54. Rg6+ Kf7 55. h5 Rd1+ 56. Ke3 Rh1 57. Rg5 Rh4 58. Kd3
Ke6 59. Rxg7 Rxh5 60. Rg8 Kxe5 61. Rg4 Rh3+ 62. Kd2 d4 63. Rg2 Ke4 64. Rg4+ Kd5
65. Rg2 Kc4 66. Rf2 Ra3 67. Rf8 Ra2+ 68. Ke1 Kc3 69. Rc8+ Kd3 70. Rc1 Re2+ 71.
Kd1 Rh2 0-1

[Event "Campeonato del Mundo sub-20 2010 Fem."]
[Site "Chotowa-Czarna, Poland"]
[Date "2010.08.03"]
[Round "1.33"]
[White "Guadamuro Torrente, Anabel"]
[Black "Cyboran, Katarzyna"]
[Result "1-0"]
[WhiteElo "2137"]
[BlackElo "1777"]
[PlyCount "83"]
[EventDate "2010.08.03"]
[EventType "swiss"]
[EventRounds "13"]
[EventCountry "POL"]
[Source "lmi"]
[SourceDate "2010.08.03"]

1. e4 e6 2. Nf3 d5 3. Nc3 Nf6 4. e5 Ne4 5. Nb1 Bc5 6. d4 Be7 7. Bd3 Nc6 8. c3
f5 9. exf6 Nxf6 10. O-O Bd6 11. Bg5 Bd7 12. Re1 O-O 13. Nbd2 h6 14. Bh4 Ne7 15.
Ne5 Nf5 16. Bg3 Nxg3 17. hxg3 c5 18. Qe2 Bxe5 19. dxe5 Nh7 20. c4 Re8 21. Bg6
Re7 22. cxd5 exd5 23. Bxh7+ Kxh7 24. Qd3+ Kh8 25. Qxd5 Qc8 26. Ne4 b6 27. Nd6
Qc6 28. Qd3 b5 29. Rad1 Rf8 30. b3 Bc8 31. Qxb5 Qxb5 32. Nxb5 Ba6 33. Nd6 g6
34. Rd5 Kg7 35. Rxc5 Rd8 36. Rec1 Rdd7 37. f4 Bd3 38. g4 Kh7 39. f5 gxf5 40.
gxf5 Rg7 41. f6 Rg5 42. Rc7 1-0

[Event "Campeonato del Mundo sub-20 2010 Fem."]
[Site "Chotowa-Czarna, Poland"]
[Date "2010.08.03"]
[Round "1.34"]
[White "Rykala, Monika"]
[Black "Andrenko, Irina"]
[Result "1-0"]
[WhiteElo "1747"]
[BlackElo "2133"]
[PlyCount "120"]
[EventDate "2010.08.03"]
[EventType "swiss"]
[EventRounds "13"]
[EventCountry "POL"]
[Source "lmi"]
[SourceDate "2010.08.03"]

1. d4 g6 2. c4 Bg7 3. Nc3 d6 4. e4 Nf6 5. Nf3 O-O 6. Be2 c6 7. O-O Nbd7 8. Qc2
e5 9. Bg5 h6 10. Bxf6 Qxf6 11. Rad1 g5 12. h3 Re8 13. d5 c5 14. Nh2 Nf8 15. Ng4
Qd8 16. Ne3 Ng6 17. Bg4 Nh4 18. Ne2 Qa5 19. b3 b5 20. Ng3 Rb8 21. Qd2 Qxd2 22.
Rxd2 b4 23. Ra1 Bb7 24. Nh5 Red8 25. a3 a5 26. axb4 axb4 27. Ra7 Ng6 28. Nf5
Bf8 29. Nf6+ Kh8 30. Ne3 Ne7 31. Nd7 Nc8 32. Ra1 Ra8 33. Rxa8 Bxa8 34. Nxf8
Rxf8 35. Bxc8 Rxc8 36. Nf5 Rd8 37. Nxh6 Rd7 38. Ra2 Bb7 39. Nf5 Kh7 40. Ra7 Kg6
41. Nxd6 Rxd6 42. Rxb7 Ra6 43. Rc7 Ra3 44. Rxc5 Rxb3 45. Rb5 Rb1+ 46. Kh2 b3
47. c5 Kf6 48. Rb7 Rc1 49. c6 Rc3 50. f3 Rd3 51. Kg3 Rc3 52. Kg4 Rc2 53. g3 b2
54. c7 Rxc7 55. Rxb2 Rc3 56. Rb6+ Ke7 57. Rc6 Rd3 58. Ra6 Rc3 59. Ra7+ Kf6 60.
Ra6+ Ke7 1-0

[Event "Campeonato del Mundo sub-20 2010 Fem."]
[Site "Chotowa-Czarna, Poland"]
[Date "2010.08.03"]
[Round "1.35"]
[White "Saduakassova, Dinara"]
[Black "Oliver, Tamzin L"]
[Result "1-0"]
[WhiteElo "2131"]
[BlackElo "1737"]
[PlyCount "111"]
[EventDate "2010.08.03"]
[EventType "swiss"]
[EventRounds "13"]
[EventCountry "POL"]
[Source "lmi"]
[SourceDate "2010.08.03"]

1. e4 c5 2. Nf3 Nc6 3. d4 cxd4 4. Nxd4 Nf6 5. Nc3 e5 6. Ndb5 d6 7. Bg5 a6 8.
Na3 Be6 9. Bc4 Rc8 10. Bxf6 gxf6 11. Qh5 Nd4 12. Bxe6 Nxe6 13. Nd5 Ng5 14. Qg4
h5 15. Nxf6+ Qxf6 16. Qxc8+ Qd8 17. Qxd8+ Kxd8 18. f3 b5 19. c3 Ne6 20. Nc2 Nf4
21. Kf1 Kd7 22. Nb4 a5 23. Nd5 Nxd5 24. exd5 Bh6 25. Ke2 f5 26. Kd3 Rc8 27. a4
Rc5 28. axb5 Rxd5+ 29. Kc2 Rxb5 30. Ra4 Bg5 31. Rd1 Ke6 32. g3 Bf6 33. Rda1 Bd8
34. Rd1 Bf6 35. b3 Rc5 36. Rc4 Rxc4 37. bxc4 Bd8 38. c5 Bc7 39. cxd6 Bxd6 40.
Ra1 Bc7 41. Ra4 Bd8 42. Rc4 Kd7 43. Kd3 Be7 44. h3 Kd6 45. Rc8 h4 46. gxh4 Bxh4
47. Ra8 Be1 48. Rxa5 e4+ 49. fxe4 fxe4+ 50. Kxe4 Bxc3 51. Ra3 Bg7 52. Kf5 Ke7
53. Kg6 Bd4 54. h4 Kf8 55. h5 Bc5 56. Ra8+ 1-0

[Event "Campeonato del Mundo sub-20 2010 Fem."]
[Site "Chotowa-Czarna, Poland"]
[Date "2010.08.03"]
[Round "1.37"]
[White "Adamowicz, Katarzyna"]
[Black "Gora, Antonina"]
[Result "1/2-1/2"]
[WhiteElo "2123"]
[BlackElo "1579"]
[PlyCount "108"]
[EventDate "2010.08.03"]
[EventType "swiss"]
[EventRounds "13"]
[EventCountry "POL"]
[Source "lmi"]
[SourceDate "2010.08.03"]

1. e4 c5 2. Nf3 d6 3. d4 cxd4 4. Nxd4 Nf6 5. Nc3 a6 6. Be2 e5 7. Nb3 Be6 8. O-O
Nbd7 9. f4 b5 10. a3 Be7 11. Kh1 O-O 12. Be3 Rc8 13. f5 Bc4 14. Bg1 Qc7 15. Qe1
Nb6 16. Nd2 Bxe2 17. Bxb6 Qxb6 18. Qxe2 Rfd8 19. Nf3 Rc4 20. Rad1 Rdc8 21. Rd3
b4 22. axb4 Qxb4 23. Nd2 Rd4 24. Nb3 Rdc4 25. Rfd1 Nxe4 26. Nd5 Qb7 27. Na5
Qxb2 28. Re1 Rxc2 29. Qxe4 Bg5 30. f6 Bxf6 31. Nxf6+ gxf6 32. Rg3+ Kf8 33. Nb3
R2c3 34. Qb7 Rc1 35. Qb4 Qa3 36. Qd2 Rxe1+ 37. Qxe1 a5 38. h3 a4 39. Qa5 Rb8
40. Kh2 Qb4 41. Qxb4 Rxb4 42. Nd2 d5 43. Ra3 d4 44. Kg3 f5 45. Kf3 Ke7 46. g4
e4+ 47. Kf4 e3 48. Nf3 fxg4 49. hxg4 e2 50. Ra2 d3+ 51. Ke3 Rb1 52. Kxd3 e1=Q
53. Nxe1 Rxe1 54. Rxa4 Kf6 1/2-1/2

[Event "Campeonato del Mundo sub-20 2010 Fem."]
[Site "Chotowa-Czarna, Poland"]
[Date "2010.08.04"]
[Round "2.26"]
[White "Unapkoshvili, Nani"]
[Black "Semenova, Elena"]
[Result "1/2-1/2"]
[WhiteElo "1997"]
[BlackElo "2194"]
[PlyCount "66"]
[EventDate "2010.08.03"]
[EventType "swiss"]
[EventRounds "13"]
[EventCountry "POL"]
[Source "lmi"]
[SourceDate "2010.08.03"]

1. d4 d5 2. Nf3 Nf6 3. c4 c6 4. Qc2 dxc4 5. Qxc4 Bf5 6. Nc3 Nbd7 7. g3 e6 8.
Bg2 Be7 9. O-O O-O 10. e3 Qc7 11. Qe2 e5 12. h3 Ne4 13. g4 Bg6 14. Nxe4 Bxe4
15. Rd1 Rad8 16. Nxe5 Bxg2 17. Nxd7 Qxd7 18. Kxg2 f5 19. f4 Bd6 20. Bd2 Rfe8
21. Qf3 Re4 22. Kf2 Be7 23. Kg2 Bf6 24. Bb4 Rde8 25. Rd3 Qd5 26. g5 Bd8 27. Bd2
c5 28. Rd1 Bb6 29. Bc1 cxd4 30. exd4 Rc8 31. Rc3 Rd8 32. Rc2 Qxa2 33. Kg3 Qd5
1/2-1/2

[Event "Campeonato del Mundo sub-20 2010 Fem."]
[Site "Chotowa-Czarna, Poland"]
[Date "2010.08.04"]
[Round "2.28"]
[White "Andrenko, Irina"]
[Black "Guo, Emma"]
[Result "1-0"]
[WhiteElo "2133"]
[BlackElo "1965"]
[PlyCount "61"]
[EventDate "2010.08.03"]
[EventType "swiss"]
[EventRounds "13"]
[EventCountry "POL"]
[Source "lmi"]
[SourceDate "2010.08.03"]

1. e4 d5 2. exd5 Qxd5 3. Nc3 Qe5+ 4. Qe2 Qxe2+ 5. Bxe2 c6 6. Nf3 Nf6 7. b3 Bg4
8. Bb2 e6 9. O-O-O Nbd7 10. d4 Be7 11. h3 Bh5 12. g4 Bg6 13. Ne5 Nxe5 14. dxe5
Nd7 15. f4 h5 16. Rhf1 hxg4 17. hxg4 O-O-O 18. f5 exf5 19. gxf5 Bh5 20. Bxh5
Rxh5 21. Ne4 g6 22. e6 fxe6 23. fxg6 Rg8 24. Rf7 Nc5 25. Rh7 Rd5 26. Rxd5 Nxe4
27. Re5 Bg5+ 28. Rxg5 Nxg5 29. Rh8 Rxh8 30. Bxh8 Ne4 31. Be5 1-0

[Event "Campeonato del Mundo sub-20 2010 Fem."]
[Site "Chotowa-Czarna, Poland"]
[Date "2010.08.04"]
[Round "2.29"]
[White "Krumova, Ani"]
[Black "Adamowicz, Katarzyna"]
[Result "0-1"]
[WhiteElo "1916"]
[BlackElo "2123"]
[PlyCount "62"]
[EventDate "2010.08.03"]
[EventType "swiss"]
[EventRounds "13"]
[EventCountry "POL"]
[Source "lmi"]
[SourceDate "2010.08.03"]

1. e4 e6 2. d4 d5 3. exd5 exd5 4. c4 Nf6 5. Nc3 Be6 6. Nf3 Nc6 7. Be3 dxc4 8.
Be2 Bb4 9. O-O h6 10. a4 a6 11. Qc2 O-O 12. Rfd1 Bxc3 13. bxc3 b5 14. Rdb1 Qd5
15. Nh4 Rab8 16. Bf3 Qd7 17. axb5 axb5 18. Ra6 Ne7 19. Qd2 Nh7 20. g3 Bd5 21.
Qe2 g5 22. Bxd5 Nxd5 23. Rxh6 Rb6 24. Bxg5 Nxg5 25. Qh5 Nh3+ 26. Kg2 Rxh6 27.
Qxh6 Ndf4+ 28. Kf1 Qd5 29. f3 Qa8 30. gxf4 Qa2 31. Ke1 Re8+ 0-1

[Event "Campeonato del Mundo sub-20 2010 Fem."]
[Site "Chotowa-Czarna, Poland"]
[Date "2010.08.04"]
[Round "2.30"]
[White "Iwanow, Anna"]
[Black "Misovic, Sanja"]
[Result "1-0"]
[WhiteElo "2097"]
[BlackElo "1907"]
[PlyCount "45"]
[EventDate "2010.08.03"]
[EventType "swiss"]
[EventRounds "13"]
[EventCountry "POL"]
[Source "lmi"]
[SourceDate "2010.08.03"]

1. e4 c5 2. Nf3 Nc6 3. d4 cxd4 4. Nxd4 g6 5. c4 Nf6 6. Nc3 Bg7 7. Be3 d6 8. Be2
O-O 9. O-O Bd7 10. Rc1 Qa5 11. f3 Nxd4 12. Bxd4 Be6 13. f4 Nd7 14. f5 gxf5 15.
exf5 Bxf5 16. b4 Bxd4+ 17. Qxd4 e5 18. Qf2 Qxb4 19. Qxf5 Rad8 20. Bd3 Qc5+ 21.
Kh1 e4 22. Qxe4 Qh5 23. Rf3 1-0

[Event "Campeonato del Mundo sub-20 2010 Fem."]
[Site "Chotowa-Czarna, Poland"]
[Date "2010.08.04"]
[Round "2.31"]
[White "Lis, Marcelina"]
[Black "Edes, Zsofia"]
[Result "1-0"]
[WhiteElo "1905"]
[BlackElo "2097"]
[PlyCount "79"]
[EventDate "2010.08.03"]
[EventType "swiss"]
[EventRounds "13"]
[EventCountry "POL"]
[Source "lmi"]
[SourceDate "2010.08.03"]

1. e4 c5 2. Nf3 a6 3. d4 cxd4 4. Nxd4 Nf6 5. Nc3 d6 6. Bc4 e6 7. f3 Nc6 8. Bb3
Qc7 9. a4 Be7 10. Be3 Nd7 11. Qe2 Na5 12. Bxe6 Nb6 13. Nd5 Nxd5 14. Bxd5 O-O
15. O-O Bf6 16. c3 Nc6 17. Qc4 Bd7 18. Rfd1 Qc8 19. Nb3 Be7 20. Bf4 Qb8 21. Kh1
Nd8 22. Qb4 Ne6 23. Bg3 Rd8 24. Bxb7 a5 25. Nxa5 Rxa5 26. Qxa5 Qxb7 27. Bxd6
Bf6 28. Qb4 Qa6 29. Bg3 h5 30. a5 h4 31. e5 hxg3 32. exf6 gxh2 33. fxg7 Qa7 34.
Qb6 Qa8 35. a6 Rb8 36. Qxb8+ Qxb8 37. a7 Qa8 38. Rxd7 Kxg7 39. b4 Kf8 40. Rb7
1-0

[Event "Campeonato del Mundo sub-20 2010 Fem."]
[Site "Chotowa-Czarna, Poland"]
[Date "2010.08.04"]
[Round "2.32"]
[White "Mareckova, Martina"]
[Black "Ho, En Huei Danielle"]
[Result "1/2-1/2"]
[WhiteElo "2095"]
[BlackElo "1898"]
[PlyCount "113"]
[EventDate "2010.08.03"]
[EventType "swiss"]
[EventRounds "13"]
[EventCountry "POL"]
[Source "lmi"]
[SourceDate "2010.08.03"]

1. e4 c5 2. Nc3 Nc6 3. g3 g6 4. Bg2 Bg7 5. f4 d6 6. Nf3 e6 7. d3 Nge7 8. O-O
O-O 9. Be3 Nd4 10. Qd2 Rb8 11. Nd1 b6 12. Ne1 f5 13. c3 fxe4 14. cxd4 cxd4 15.
dxe4 dxe3 16. Nxe3 Ba6 17. Rf2 Qd7 18. Rd1 Rbd8 19. e5 d5 20. N1c2 Nc6 21. Nd4
Nxd4 22. Qxd4 Rfe8 23. g4 Kh8 24. b4 Bb7 25. h4 Qf7 26. a4 Qe7 27. g5 Rc8 28.
Bf1 Bc6 29. Ra1 Bf8 30. Nc2 Rc7 31. a5 Rb8 32. axb6 Rxb6 33. Rxa7 Rxa7 34. Qxb6
Qb7 35. Qxb7 Rxb7 36. Bh3 Bd7 37. Kg2 Bxb4 38. Nxb4 Rxb4 39. Rf3 Kg7 40. Kg3
Kf7 41. Ra3 Ba4 42. Bg4 Ke7 43. h5 Kd7 44. Rd3 Bb3 45. Bd1 Bxd1 46. Rxd1 Rb3+
47. Kg4 Re3 48. Rh1 d4 49. hxg6 hxg6 50. Rh7+ Kc6 51. Rg7 d3 52. Rxg6 Kd7 53.
Rg7+ Ke8 54. Rg8+ Ke7 55. Rg7+ Ke8 56. Rg8+ Ke7 57. Rg7+ 1/2-1/2

[Event "Campeonato del Mundo sub-20 2010 Fem."]
[Site "Chotowa-Czarna, Poland"]
[Date "2010.08.04"]
[Round "2.33"]
[White "Lepeskaite, Migle"]
[Black "Heredia Serrano, Carla Sofia"]
[Result "0-1"]
[WhiteElo "1801"]
[BlackElo "2080"]
[PlyCount "51"]
[EventDate "2010.08.03"]
[EventType "swiss"]
[EventRounds "13"]
[EventCountry "POL"]
[Source "lmi"]
[SourceDate "2010.08.03"]

1. d4 Nf6 2. c4 e5 3. dxe5 Ng4 4. Bf4 g5 5. Bg3 Nc6 6. Nf3 Bg7 7. Nbd2 Ngxe5 8.
Qc2 d6 9. e3 Nxf3+ 10. Nxf3 Qf6 11. Rb1 Bf5 12. Bd3 Bxd3 13. Qxd3 O-O-O 14. O-O
h5 15. h4 Bh6 16. hxg5 Bxg5 17. Qd5 Rdg8 18. Nxg5 Rxg5 19. Bh4 Rxg2+ 20. Qxg2
Qxh4 21. Rfc1 Ne5 22. Rc3 Rh6 23. e4 Rf6 24. Kf1 Ng4 25. Rbc1 Rg6 26. Ke2 0-1

[Event "Campeonato del Mundo sub-20 2010 Fem."]
[Site "Chotowa-Czarna, Poland"]
[Date "2010.08.04"]
[Round "2.34"]
[White "Labedz, Patrycja"]
[Black "Jablonska, Sabina"]
[Result "1-0"]
[WhiteElo "2076"]
[BlackElo "1876"]
[PlyCount "91"]
[EventDate "2010.08.03"]
[EventType "swiss"]
[EventRounds "13"]
[EventCountry "POL"]
[Source "lmi"]
[SourceDate "2010.08.03"]

1. e4 c5 2. Nf3 d6 3. c3 Nf6 4. Be2 Nc6 5. d3 e6 6. O-O Be7 7. Nbd2 Qc7 8. a3
d5 9. b4 b6 10. b5 Ne5 11. Nxe5 Qxe5 12. Nf3 Qc7 13. e5 Nd7 14. d4 c4 15. Bg5
f6 16. Bf4 g5 17. exf6 gxf4 18. fxe7 Rg8 19. Qc2 Nf6 20. Ne5 Qxe7 21. Bf3 h5
22. Qd2 Bd7 23. a4 O-O-O 24. a5 Bxb5 25. axb6 a6 26. Rfb1 Qb7 27. Qxf4 Rdf8 28.
Qh6 Qxb6 29. Re1 Qd6 30. Ra2 Rh8 31. Nf7 Rxh6 32. Nxd6+ Kb8 33. Nxb5 axb5 34.
Rxe6 Rh7 35. Raa6 Ra7 36. Rab6+ Ka8 37. h3 Ne4 38. Bxe4 dxe4 39. Rxb5 Ra1+ 40.
Kh2 Rxf2 41. Rxe4 Raa2 42. Rg5 Ra3 43. Rg8+ Kb7 44. Re7+ Kc6 45. Rg6+ Kb5 46.
Rb7+ 1-0

[Event "Campeonato del Mundo sub-20 2010 Fem."]
[Site "Chotowa-Czarna, Poland"]
[Date "2010.08.04"]
[Round "2.35"]
[White "Osmanodja, Filiz"]
[Black "Vanhuyse, Nele"]
[Result "1-0"]
[WhiteElo "2061"]
[BlackElo "1779"]
[PlyCount "163"]
[EventDate "2010.08.03"]
[EventType "swiss"]
[EventRounds "13"]
[EventCountry "POL"]
[Source "lmi"]
[SourceDate "2010.08.03"]

1. e4 e5 2. Nf3 Nc6 3. Bb5 a6 4. Ba4 Nf6 5. O-O Be7 6. Re1 b5 7. Bb3 d6 8. c3
O-O 9. h3 Na5 10. Bc2 c5 11. d4 Nd7 12. Nbd2 exd4 13. cxd4 Nc6 14. Nf1 Bf6 15.
d5 Nce5 16. Rb1 Re8 17. N3h2 Ng6 18. f4 Bd4+ 19. Kh1 Nb6 20. Nf3 Bf6 21. N1h2
Ra7 22. e5 dxe5 23. Bxg6 hxg6 24. fxe5 Bh4 25. Nxh4 Qxh4 26. Nf3 Qg3 27. Be3
Na4 28. Bg1 Qf4 29. Bh2 Qf5 30. Qd2 Rd7 31. b3 Nb6 32. d6 Bb7 33. Qf4 Qc2 34.
Ra1 c4 35. bxc4 Nxc4 36. Qg3 Qb2 37. Rg1 Rc8 38. Qg4 Rcd8 39. Qd4 Qe2 40. Rge1
Qc2 41. Qg4 Qf5 42. Qxf5 gxf5 43. Nd4 g6 44. Nb3 Rc8 45. Bg1 Rdd8 46. Nc5 Bc6
47. Nxa6 Ra8 48. Nc5 Ra3 49. Kh2 Rc3 50. Re2 f4 51. Bd4 Rg3 52. Rf1 Ne3 53.
Bxe3 Rxe3 54. Rxe3 fxe3 55. Re1 Bd5 56. a3 f6 57. Rxe3 fxe5 58. d7 e4 59. Re1
Kf7 60. Kg3 Ke7 61. Kf4 Rf8+ 62. Ke5 Rf5+ 63. Kd4 Bc6 64. Nxe4 Bxe4 65. Rxe4+
Kxd7 66. Re5 Rf2 67. g4 Rf3 68. Re3 Rf1 69. Kc5 Rb1 70. h4 Rh1 71. Kxb5 Rxh4
72. Re4 Rh1 73. a4 Rd1 74. a5 Rd5+ 75. Kb6 Rd1 76. Re5 Kc8 77. a6 Rb1+ 78. Rb5
Ra1 79. a7 Ra2 80. Rc5+ Kd7 81. Ra5 Rb2+ 82. Ka6 1-0

[Event "Campeonato del Mundo sub-20 2010 Fem."]
[Site "Chotowa-Czarna, Poland"]
[Date "2010.08.04"]
[Round "2.36"]
[White "Cyboran, Katarzyna"]
[Black "Deur, Zrinka"]
[Result "0-1"]
[WhiteElo "1777"]
[BlackElo "2061"]
[PlyCount "69"]
[EventDate "2010.08.03"]
[EventType "swiss"]
[EventRounds "13"]
[EventCountry "POL"]
[Source "lmi"]
[SourceDate "2010.08.03"]

1. e4 c5 2. Nf3 Nc6 3. Bb5 d6 4. d4 cxd4 5. Qxd4 Bd7 6. Bxc6 Bxc6 7. Nc3 Nf6 8.
Bg5 h6 9. Bxf6 gxf6 10. O-O-O Rg8 11. Nh4 Qa5 12. g3 O-O-O 13. Rhe1 Kb8 14. Kb1
Qe5 15. Qxe5 fxe5 16. Rd3 e6 17. Nf3 Be7 18. Nd2 b5 19. a3 Kc7 20. Nb3 Kb6 21.
Nd2 a5 22. Na2 f5 23. exf5 exf5 24. f4 Bf6 25. fxe5 dxe5 26. Rxd8 Rxd8 27. Nb3
a4 28. Nbc1 Rd2 29. Re2 Rd1 30. Rf2 f4 31. Nc3 Rh1 32. gxf4 exf4 33. Rd2 f3 34.
Nd1 Bg5 35. Nf2 0-1

[Event "Campeonato del Mundo sub-20 2010 Fem."]
[Site "Chotowa-Czarna, Poland"]
[Date "2010.08.04"]
[Round "2.37"]
[White "Oliver, Tamzin L"]
[Black "Skrzypczak, Anna"]
[Result "0-1"]
[WhiteElo "1737"]
[BlackElo "2028"]
[PlyCount "118"]
[EventDate "2010.08.03"]
[EventType "swiss"]
[EventRounds "13"]
[EventCountry "POL"]
[Source "lmi"]
[SourceDate "2010.08.03"]

1. e4 c5 2. Nc3 Nc6 3. f4 g6 4. Nf3 Bg7 5. Bb5 Nd4 6. O-O a6 7. Bd3 d6 8. Nxd4
cxd4 9. Ne2 Nf6 10. Kh1 Nd7 11. b4 O-O 12. a3 b5 13. Bb2 Qb6 14. Rb1 Bb7 15.
Qe1 e5 16. f5 d5 17. Ng3 Nf6 18. exd5 Nxd5 19. Be4 Rac8 20. Rc1 Nf4 21. Bxd4
exd4 22. Rxf4 Rce8 23. Qf2 Be5 24. Bxb7 Bxf4 25. Qxf4 Qxb7 26. Qxd4 Qc6 27. d3
Rd8 28. Qf4 Qd6 29. Qxd6 Rxd6 30. Ne4 Rd4 31. fxg6 hxg6 32. Kg1 Kg7 33. Kf2 Re8
34. g3 Rd7 35. Nc5 Rde7 36. c4 Re2+ 37. Kg1 Ra8 38. cxb5 axb5 39. Ra1 Rb2 40.
a4 bxa4 41. Rxa4 Rxa4 42. Nxa4 Rxb4 43. Nc5 Rd4 44. Kf2 Rd5 45. Ne4 Rxd3 46. h4
Ra3 47. Kg2 f6 48. Kf2 Kf7 49. Nd6+ Ke6 50. Nc4 Rc3 51. Ne3 Ke5 52. Ng4+ Kf5
53. Nh6+ Ke4 54. Ng4 Rc2+ 55. Ke1 f5 56. Nf6+ Kf3 57. h5 Rc6 58. Nd7 Re6+ 59.
Kf1 gxh5 0-1